[Event "Cheliabinsk Panchenko Memorial op-B"]
[Site "Cheliabinsk"]
[Date "2021.09.18"]
[Round "6"]
[White "Yakimova, Mariya"]
[Black "Kovaleva, Ekaterina"]
[Result "1-0"]
[WhiteElo "2219"]
[BlackElo "1811"]
[PlyCount "51"]
[EventDate "2021.09.13"]
[EventType "swiss"]
[EventRounds "10"]
[EventCountry "RUS"]
[SourceTitle "CBM 204 Extra"]
[Source "ChessBase"]
[SourceDate "2021.11.30"]
[SourceVersion "1"]
[SourceVersionDate "2021.11.30"]
[SourceQuality "1"]

1. d4 Nf6 2. c4 g6 3. Nc3 Bg7 4. e4 0-0 5. f3 d6 6. Be3 Nc6 7. Nge2 e5 8. d5 Nb8 9. Qd2 a5 10. g4 Na6 11. Ng3 Nc5 12. h4 h5 13. Bg5 hxg4 14. h5 Qd7 15. 0-0-0 Ra6 16. Be2 gxf3 17. Bxf3 Rb6 18. Rdg1 Na4 19. h6 Bh8 20. h7+ Nxh7 21. Rxh7 Kxh7 22. Rh1+ Kg8 23. Rxh8+ Kxh8 24. Bf6+ Kh7 25. Nf5 gxf5 26. Qg5 1-0

[Event "Cheliabinsk Panchenko Memorial op-B"]
[Site "Cheliabinsk"]
[Date "2021.09.15"]
[Round "3"]
[White "Shafigullina, Zarina"]
[Black "Kovaleva, Ekaterina"]
[Result "1/2-1/2"]
[WhiteElo "2204"]
[BlackElo "1811"]
[PlyCount "90"]
[EventDate "2021.09.13"]
[EventType "swiss"]
[EventRounds "10"]
[EventCountry "RUS"]
[SourceTitle "CBM 204 Extra"]
[Source "ChessBase"]
[SourceDate "2021.11.30"]
[SourceVersion "1"]
[SourceVersionDate "2021.11.30"]
[SourceQuality "1"]

1. d4 d5 2. Nf3 Nf6 3. Bf4 Bf5 4. e3 e6 5. c4 Bd6 6. Bg5 c6 7. Qb3 Qb6 8. c5 Qxb3 9. axb3 Bc7 10. Nc3 Nbd7 11. b4 Ne4 12. Bf4 Bxf4 13. exf4 Nxc3 14. bxc3 Nf6 15. Ne5 Ne4 16. Ra3 Ke7 17. g4 Bg6 18. h4 h6 19. Bd3 Bh7 20. h5 f6 21. Ng6+ Bxg6 22. hxg6 f5 23. g5 a6 24. f3 hxg5 25. Rxh8 Rxh8 26. fxe4 fxe4 27. Bf1 gxf4 28. Ra2 Kf6 29. Rg2 Rh6 30. c4 f3 31. Rg3 Kf5 32. Rh3 Rxg6 33. Kf2 Kf4 34. Rh4+ Rg4 35. Rxg4+ Kxg4 36. b5 a5 37. cxd5 exd5 38. bxc6 bxc6 39. Bb5 Kf5 40. Bxc6 Ke6 41. Bb7 a4 42. Bc8+ Ke7 43. Bb7 Ke6 44. Bc8+ Ke7 45. Bb7 Ke6 1/2-1/2

[Event "Cheliabinsk Panchenko Memorial op-B"]
[Site "Cheliabinsk"]
[Date "2021.09.13"]
[Round "1"]
[White "Kovaleva, Ekaterina"]
[Black "Rakhmangulova, Anastasiya"]
[Result "1-0"]
[WhiteElo "1811"]
[BlackElo "2171"]
[PlyCount "63"]
[EventDate "2021.09.13"]
[EventType "swiss"]
[EventRounds "10"]
[EventCountry "RUS"]
[SourceTitle "CBM 204 Extra"]
[Source "ChessBase"]
[SourceDate "2021.11.30"]
[SourceVersion "1"]
[SourceVersionDate "2021.11.30"]
[SourceQuality "1"]

1. e4 e6 2. d4 d5 3. exd5 exd5 4. Bd3 Nf6 5. c3 c5 6. h3 Nc6 7. Nf3 c4 8. Bc2 a6 9. 0-0 Be7 10. Bf4 0-0 11. Ne5 Be6 12. Nd2 Qc8 13. Re1 Re8 14. Ndf3 h6 15. Nxc6 Qxc6 16. Ne5 Qc8 17. Re3 Bf5 18. Qe2 Bxc2 19. Qxc2 Ne4 20. Rae1 Bg5 21. Bxg5 hxg5 22. Qe2 Re6 23. Qh5 Qc7 24. f3 Nd6 25. Qxg5 f6 26. Qg6 Rae8 27. Nxc4 Rxe3 28. Rxe3 Rxe3 29. Nxe3 Qa5 30. Qg3 Qd8 31. Qg4 Kf7 32. Qh5+ 1-0

[Event "Cheliabinsk Panchenko Memorial op-B"]
[Site "Cheliabinsk"]
[Date "2020.09.14"]
[Round "8"]
[White "Darmaeva, Nomina"]
[Black "Kovaleva, Ekaterina"]
[Result "1-0"]
[WhiteElo "1596"]
[BlackElo "1850"]
[PlyCount "131"]
[EventDate "2020.09.07"]
[EventType "swiss"]
[EventRounds "9"]
[EventCountry "RUS"]
[SourceTitle "CBM 198 Extra"]
[Source "ChessBase"]
[SourceDate "2020.11.30"]
[SourceVersion "1"]
[SourceVersionDate "2020.11.30"]
[SourceQuality "1"]

1. e4 e5 2. Nf3 Nc6 3. d4 exd4 4. Nxd4 Bc5 5. Nb3 Bb6 6. Qe2 d6 7. Nc3 Be6 8. Bf4 a5 9. Nd5 Nd4 10. Nxd4 Bxd4 11. 0-0-0 Bc5 12. e5 Ne7 13. exd6 Nxd5 14. Rxd5 cxd6 15. Rd1 0-0 16. Kb1 Qb6 17. f3 Rfc8 18. Qb5 Qc7 19. c3 a4 20. Qd3 Ra6 21. Kc1 Rb6 22. Qc2 Ra8 23. Bd3 h6 24. Be4 Bb3 25. Qd2 Bxd1 26. Rxd1 a3 27. b3 Qc8 28. g4 Qe6 29. Bd5 Qd7 30. h4 Rb5 31. Bc4 Re8 32. Qd5 Rb6 33. Kb1 Qe7 34. Qf5 Qf6 35. Qxf6 gxf6 36. Bxh6 Bf2 37. h5 Re1 38. Rxe1 Bxe1 39. Be3 Rc6 40. Bd4 f5 41. g5 Rc7 42. Kc2 Kh7 43. Bd3 Re7 44. Bxf5+ Kg8 45. b4 Re2+ 46. Kb3 Rh2 47. h6 Bd2 48. h7+ Rxh7 49. Bxh7+ Kxh7 50. Kxa3 Bxg5 51. Ka4 Kg6 52. Kb5 Bd8 53. a4 Kf5 54. a5 Kf4 55. Bb6 Be7 56. Bc7 Kxf3 57. Kb6 f5 58. Kxb7 f4 59. a6 Ke2 60. Bb6 f3 61. a7 Bd8 62. a8Q Bxb6 63. Kxb6 f2 64. Qa2+ Ke1 65. Qxf2+ Kxf2 66. Kc6 1-0

[Event "Moscow op (Women) 16th"]
[Site "Moscow"]
[Date "2020.01.30"]
[Round "6"]
[White "Kovaleva, Ekaterina"]
[Black "Antia, Sopia"]
[Result "1/2-1/2"]
[WhiteElo "1903"]
[BlackElo "1701"]
[PlyCount "60"]
[EventDate "2020.01.25"]
[EventType "swiss"]
[EventRounds "9"]
[EventCountry "RUS"]
[SourceTitle "CBM 194 Extra"]
[Source "ChessBase"]
[SourceDate "2020.03.31"]
[SourceVersion "1"]
[SourceVersionDate "2020.03.31"]
[SourceQuality "1"]

1. e4 c5 2. Nf3 e6 3. d4 cxd4 4. Nxd4 a6 5. Nc3 Qc7 6. g3 b6 7. Bg2 Bb7 8. 0-0 Nf6 9. f4 Bb4 10. Qd3 0-0 11. Kh1 Bxc3 12. bxc3 d5 13. e5 Ne4 14. f5 exf5 15. e6 g6 16. Bh6 Re8 17. exf7+ Qxf7 18. g4 Qc7 19. gxf5 Nc6 20. Nxc6 Qxc6 21. fxg6 hxg6 22. Qf3 Qe6 23. Bh3 Qe7 24. Bg2 Rac8 25. Qg4 Qh7 26. Qf4 Qc7 27. Qg4 Qh7 28. Qf4 Qc7 29. Qg4 Qh7 30. Qf4 Qc7 1/2-1/2

[Event "Moscow op (Women) 16th"]
[Site "Moscow"]
[Date "2020.01.28"]
[Round "4"]
[White "Kovaleva, Ekaterina"]
[Black "Lesnykh, Zhanna"]
[Result "0-1"]
[WhiteElo "1903"]
[BlackElo "1651"]
[PlyCount "118"]
[EventDate "2020.01.25"]
[EventType "swiss"]
[EventRounds "9"]
[EventCountry "RUS"]
[SourceTitle "CBM 194 Extra"]
[Source "ChessBase"]
[SourceDate "2020.03.31"]
[SourceVersion "1"]
[SourceVersionDate "2020.03.31"]
[SourceQuality "1"]

1. e4 c5 2. Nf3 e6 3. d4 cxd4 4. Nxd4 a6 5. Nc3 Qc7 6. g3 Nf6 7. Bg2 d6 8. 0-0 Be7 9. a4 Bd7 10. f4 Nc6 11. Be3 Na5 12. Kh1 Nc4 13. Bc1 Rc8 14. h3 Qb8 15. g4 g6 16. Bf3 h5 17. g5 Ng4 18. Nb3 Qa7 19. Qe2 e5 20. Nd5 exf4 21. Bxf4 Nge5 22. Bg2 Bd8 23. c3 Bg4 24. Qc2 Bd7 25. Nd4 0-0 26. Rad1 b5 27. axb5 axb5 28. Ra1 Qb7 29. Nf3 Re8 30. Nxe5 dxe5 31. Bc1 Be6 32. b3 Nb6 33. Nf6+ Bxf6 34. gxf6 Qd7 35. Rf3 Rcd8 36. Be3 Qc7 37. Bd2 Kf8 38. Bc1 b4 39. c4 Ra8 40. Rxa8 Rxa8 41. Qd2 Ke8 42. Qxb4 Ra1 43. Qc3 Qa7 44. Rf1 Nd7 45. Qb4 Qc5 46. Qxc5 Nxc5 47. b4 Nd3 48. Bd2 Rxf1+ 49. Bxf1 Bxc4 50. Kg1 Nb2 51. Bg2 Na4 52. Kf2 Kd7 53. Bf3 Ke6 54. Bg5 Nc3 55. Ke3 Na2 56. Kd2 Kd6 57. Bh6 Kc6 58. Bf8 Kb5 59. Bd6 Nxb4 0-1

[Event "Moscow op (Women) 16th"]
[Site "Moscow"]
[Date "2020.01.25"]
[Round "1"]
[White "Darmaeva, Nomina"]
[Black "Kovaleva, Ekaterina"]
[Result "0-1"]
[WhiteElo "1411"]
[BlackElo "1903"]
[PlyCount "62"]
[EventDate "2020.01.25"]
[EventType "swiss"]
[EventRounds "9"]
[EventCountry "RUS"]
[SourceTitle "CBM 194 Extra"]
[Source "ChessBase"]
[SourceDate "2020.03.31"]
[SourceVersion "1"]
[SourceVersionDate "2020.03.31"]
[SourceQuality "1"]

1. e4 e5 2. Nf3 Nc6 3. d4 exd4 4. Bc4 Nf6 5. e5 d5 6. Bb5 Ne4 7. Nxd4 Bd7 8. Bxc6 bxc6 9. 0-0 Bc5 10. f3 Ng5 11. f4 Ne4 12. Be3 Qb8 13. b3 0-0 14. Qd3 Re8 15. c4 f6 16. exf6 Nxf6 17. Nc3 Ng4 18. Bf2 Nxf2 19. Rxf2 a5 20. cxd5 Qa7 21. Rd1 cxd5 22. Nxd5 Bg4 23. Rdd2 Rad8 24. Qc4 Kh8 25. Kf1 Re4 26. f5 Rde8 27. Rf4 Bxd4 28. Rxe4 Rxe4 29. Qd3 Bxf5 30. Qb5 Qa8 31. Nxc7 Qf8 0-1

[Event "St Petersburg Korchnoi Memorial op"]
[Site "St Petersburg"]
[Date "2019.08.21"]
[Round "8"]
[White "Kovaleva, Ekaterina"]
[Black "Vunder, Andrei"]
[Result "0-1"]
[WhiteElo "1898"]
[BlackElo "2039"]
[PlyCount "104"]
[EventDate "2019.08.14"]
[EventType "swiss"]
[EventRounds "9"]
[EventCountry "RUS"]
[SourceTitle "CBM 192"]
[Source "ChessBase"]
[SourceDate "2019.10.31"]
[SourceVersion "1"]
[SourceVersionDate "2019.10.31"]
[SourceQuality "1"]

1. e4 e6 2. d4 d5 3. Nd2 c5 4. c3 cxd4 5. cxd4 dxe4 6. Nxe4 Nf6 7. Nxf6+ Qxf6 8. Nf3 Bd7 9. Bg5 Bb4+ 10. Bd2 Bxd2+ 11. Qxd2 Nc6 12. Bc4 0-0 13. 0-0 Rae8 14. Rad1 Ne7 15. Ne5 Bc6 16. Qa5 a6 17. Qc7 Rc8 18. Qb6 Nd5 19. Qb3 Nf4 20. Nxc6 Rxc6 21. Bd3 b5 22. a4 bxa4 23. Qxa4 Rd6 24. g3 Nxd3 25. Rxd3 Rfd8 26. Rfd1 g6 27. Qc4 a5 28. d5 Rxd5 29. Rxd5 exd5 30. Rxd5 Rb8 31. Qc3 Qxc3 32. bxc3 Ra8 33. Rd2 a4 34. Ra2 Kf8 35. Kf1 Ke7 36. Ke2 Kd6 37. Kd3 Kc5 38. c4 Ra6 39. Kc3 g5 40. f4 gxf4 41. gxf4 a3 42. Kb3 Rh6 43. Rc2 Rh3+ 44. Ka2 Rf3 45. f5 h5 46. f6 h4 47. Ka1 Rxf6 48. Rc3 Rf1+ 49. Ka2 Rf2+ 50. Kxa3 Rxh2 51. Kb3 Rg2 52. Rf3 Rg3 0-1

[Event "Urals-ch (Women)"]
[Site "Khanty-Mansiysk"]
[Date "2019.03.13"]
[Round "2"]
[White "Kovaleva, Ekaterina"]
[Black "Filippova, Darya"]
[Result "0-1"]
[WhiteElo "1953"]
[BlackElo "2099"]
[PlyCount "98"]
[EventDate "2019.03.12"]
[EventType "swiss"]
[EventRounds "9"]
[EventCountry "RUS"]
[SourceTitle "CBM 189 Extra"]
[Source "ChessBase"]
[SourceDate "2019.06.03"]
[SourceVersion "1"]
[SourceVersionDate "2019.06.03"]
[SourceQuality "1"]

1. e4 c6 2. d4 d5 3. exd5 cxd5 4. c4 Nf6 5. Nc3 g6 6. Nf3 Bg7 7. cxd5 0-0 8. Bc4 Nbd7 9. d6 exd6 10. 0-0 Nb6 11. Bb3 d5 12. Bf4 Ne4 13. Re1 Nxc3 14. bxc3 Be6 15. Ne5 Rc8 16. Rc1 Nc4 17. Nxc4 dxc4 18. Bc2 Bd5 19. Be4 Re8 20. Qf3 Rxe4 21. Rxe4 Qa5 22. Qh3 Rf8 23. Re2 h5 24. Qe3 b5 25. Qd2 Kh7 26. Rce1 Qb6 27. Be5 Bh6 28. Qb2 Qc6 29. f3 a5 30. Rb1 b4 31. cxb4 c3 32. Qc2 axb4 33. Rxb4 Ra8 34. Rb8 Rxb8 35. Bxb8 Qb6 36. Be5 f6 37. Bg3 Bd2 38. Be1 Qxd4+ 39. Kh1 Qc4 40. Re7+ Kh8 41. Re8+ Kg7 42. Kg1 Bf7 43. Re4 Qc5+ 44. Kh1 Qb5 45. Kg1 Qb2 46. Qd3 Qxa2 47. Bxd2 cxd2 48. Rd4 Qa1+ 49. Kf2 Qe1# 0-1

[Event "Voronezh op-B 20th"]
[Site "Voronezh"]
[Date "2016.06.21"]
[Round "9"]
[White "Kovaleva, Ekaterina"]
[Black "Moiseev, Danila"]
[Result "1/2-1/2"]
[WhiteElo "1918"]
[BlackElo "2035"]
[PlyCount "77"]
[EventDate "2016.06.12"]
[EventType "swiss"]
[EventRounds "9"]
[EventCountry "RUS"]
[SourceTitle "EXT 2017"]
[Source "ChessBase"]
[SourceDate "2016.10.25"]
[SourceVersion "1"]
[SourceVersionDate "2016.10.25"]
[SourceQuality "1"]

1. e4 c5 2. Nf3 d6 3. d4 cxd4 4. Nxd4 Nf6 5. Nc3 a6 6. Qf3 e6 7. g4 Nc6 8. Nxc6 bxc6 9. Be3 Qa5 10. Be2 Rb8 11. Bd2 Qb6 12. 0-0 Be7 13. Qg3 e5 14. Kh1 Be6 15. f4 exf4 16. Bxf4 0-0 17. g5 Nd7 18. b3 Nc5 19. Bxd6 Bxd6 20. Qxd6 Qb4 21. Qe5 Nxe4 22. Nxe4 Bd5 23. Bf3 Rfe8 24. Nf6+ gxf6 25. Qxf6 Re6 26. Qf5 Bxf3+ 27. Rxf3 Re1+ 28. Rxe1 Qxe1+ 29. Rf1 Qe7 30. Qf6 Qe4+ 31. Qf3 Qe6 32. Qf5 Qe7 33. Qf6 Qe4+ 34. Qf3 Qe6 35. Qf6 Qe4+ 36. Qf3 Qe6 37. Qf6 Qe4+ 38. Qf3 Qe6 39. Qf6 1/2-1/2

[Event "Voronezh op-B 20th"]
[Site "Voronezh"]
[Date "2016.06.20"]
[Round "8"]
[White "Kasantsev, Anatolij B"]
[Black "Kovaleva, Ekaterina"]
[Result "0-1"]
[WhiteElo "2021"]
[BlackElo "1918"]
[PlyCount "103"]
[EventDate "2016.06.12"]
[EventType "swiss"]
[EventRounds "9"]
[EventCountry "RUS"]
[SourceTitle "EXT 2017"]
[Source "ChessBase"]
[SourceDate "2016.10.25"]
[SourceVersion "1"]
[SourceVersionDate "2016.10.25"]
[SourceQuality "1"]

1. d4 d5 2. c4 e6 3. Nf3 Nf6 4. Nc3 c6 5. Bg5 Be7 6. e3 Nbd7 7. cxd5 exd5 8. Bd3 0-0 9. Qc2 Re8 10. h3 Nf8 11. Bf4 a5 12. 0-0 Ne6 13. Bh2 g6 14. Ne5 Ng7 15. Rae1 Bf5 16. g4 Bxd3 17. Qxd3 h5 18. Qe2 Nd7 19. f4 Nxe5 20. dxe5 f5 21. Qg2 Kh7 22. Kh1 Qd7 23. Rg1 Rg8 24. Rd1 hxg4 25. hxg4 fxg4 26. e4 d4 27. Rd3 Nh5 28. Ne2 c5 29. Rgd1 Raf8 30. Bg3 Rh8 31. Kg1 Kg7 32. Rf1 c4 33. Rdd1 d3 34. Nc3 Bc5+ 35. Bf2 Nxf4 36. Bxc5 Nxg2 37. e6 Rxf1+ 38. Rxf1 Qxe6 39. Bd4+ Kg8 40. Rf6 Qe8 41. Kxg2 Rh7 42. Rf4 g5 43. Rf5 Qh5 44. Be5 Qh1+ 45. Kf2 Qh4+ 46. Ke3 Qe1+ 47. Kd4 Rd7+ 48. Kxc4 d2 49. Rxg5+ Kh7 50. Rh5+ Kg6 51. Rh8 Qf1+ 52. Kc5 0-1

[Event "Voronezh op-B 20th"]
[Site "Voronezh"]
[Date "2016.06.19"]
[Round "7"]
[White "Geranichev, Mikhail"]
[Black "Kovaleva, Ekaterina"]
[Result "1/2-1/2"]
[WhiteElo "2039"]
[BlackElo "1918"]
[PlyCount "87"]
[EventDate "2016.06.12"]
[EventType "swiss"]
[EventRounds "9"]
[EventCountry "RUS"]
[SourceTitle "EXT 2017"]
[Source "ChessBase"]
[SourceDate "2016.10.25"]
[SourceVersion "1"]
[SourceVersionDate "2016.10.25"]
[SourceQuality "1"]

1. e4 e5 2. Nf3 Nc6 3. Bc4 Bc5 4. 0-0 Nf6 5. d4 Bxd4 6. Nxd4 exd4 7. e5 d5 8. exf6 dxc4 9. fxg7 Rg8 10. Re1+ Be6 11. Qh5 Qf6 12. Bh6 0-0-0 13. g4 Rd5 14. g5 Qf5 15. Nd2 Ne5 16. Re2 d3 17. cxd3 Rxd3 18. Ne4 Rh3 19. Ng3 Qf4 20. Rxe5 Qxe5 21. Qf3 Rh4 22. Qa3 f6 23. Qf8+ Kd7 24. gxf6 Rxh6 25. Qe7+ Kc6 26. f7 Qxb2 27. Qxe6+ Rxe6 28. fxg8Q Qxa1+ 29. Kg2 Qe5 30. Qxh7 Qd5+ 31. Kh3 Qd7 32. Kg2 Qd5+ 33. Kh3 Qd7 34. Kh4 Qd8+ 35. Kg4 Re8 36. h4 Qd7+ 37. Nf5 Re4+ 38. f4 Qd1+ 39. Kg5 Qd8+ 40. Kh5 Qd1+ 41. Kg5 Qd8+ 42. Kg4 Qd1+ 43. Kg5 Qd8+ 44. Kg4 1/2-1/2

[Event "Nezhmetdinov Memorial 38th"]
[Site "Kazan"]
[Date "2016.06.08"]
[Round "9"]
[White "Kovaleva, Ekaterina"]
[Black "Mischeryakov, Alexey"]
[Result "0-1"]
[WhiteElo "1786"]
[BlackElo "1976"]
[PlyCount "48"]
[EventDate "2016.05.31"]
[EventType "swiss"]
[EventRounds "9"]
[EventCountry "RUS"]
[SourceTitle "CBM 172 Extra"]
[Source "ChessBase"]
[SourceDate "2016.06.21"]
[SourceVersion "1"]
[SourceVersionDate "2016.06.21"]
[SourceQuality "1"]

1. e4 c5 2. Nf3 d6 3. d4 cxd4 4. Nxd4 Nf6 5. f3 g6 6. Nc3 Bg7 7. Be2 0-0 8. Be3 Nc6 9. g4 Nxd4 10. Bxd4 e5 11. Be3 Be6 12. Qd2 d5 13. g5 d4 14. gxf6 Bxf6 15. Bh6 dxc3 16. Qxc3 Bh4+ 17. Kf1 Bh3+ 18. Kg1 Rc8 19. Rd1 Qxd1+ 20. Bxd1 Rxc3 21. bxc3 Rd8 22. Be2 g5 23. Bd3 Rd6 24. Bxg5 Rg6 0-1

[Event "Nezhmetdinov Memorial 38th"]
[Site "Kazan"]
[Date "2016.05.31"]
[Round "1"]
[White "Musaev, Rasul"]
[Black "Kovaleva, Ekaterina"]
[Result "1-0"]
[WhiteElo "2310"]
[BlackElo "1786"]
[PlyCount "73"]
[EventDate "2016.05.31"]
[EventType "swiss"]
[EventRounds "9"]
[EventCountry "RUS"]
[SourceTitle "CBM 172 Extra"]
[Source "ChessBase"]
[SourceDate "2016.06.21"]
[SourceVersion "1"]
[SourceVersionDate "2016.06.21"]
[SourceQuality "1"]

1. e4 e5 2. Nf3 Nc6 3. Bb5 Nf6 4. 0-0 Nxe4 5. d4 Nd6 6. Bxc6 dxc6 7. dxe5 Nf5 8. Qxd8+ Kxd8 9. Nc3 Be6 10. Ng5 Kc8 11. Rd1 h6 12. Nxe6 fxe6 13. Ne2 Bc5 14. g4 Nh4 15. Bf4 Rd8 16. Bg3 Nf3+ 17. Kg2 Nd4 18. Nxd4 Bxd4 19. c3 Bc5 20. f4 g6 21. Bh4 Rd5 22. Kf3 Kd7 23. c4 Rxd1 24. Rxd1+ Ke8 25. Bf6 Be7 26. Ke4 Rb8 27. Rd3 b5 28. c5 b4 29. Rh3 Bf8 30. f5 gxf5+ 31. gxf5 exf5+ 32. Kxf5 Rb5 33. Rd3 Be7 34. Ke6 Bxf6 35. exf6 Rb8 36. f7+ Kf8 37. Rg3 1-0

[Event "BLR-ch (Women)"]
[Site "Minsk"]
[Date "2016.01.12"]
[Round "3"]
[White "Kovaleva, Ekaterina"]
[Black "Uzlavataya, Anhelina"]
[Result "0-1"]
[WhiteElo "2000"]
[BlackElo "2092"]
[PlyCount "70"]
[EventDate "2016.01.10"]
[EventType "tourn"]
[EventRounds "9"]
[EventCountry "BLR"]
[SourceTitle "CBM 170 Extra"]
[Source "ChessBase"]
[SourceDate "2016.02.25"]
[SourceVersion "1"]
[SourceVersionDate "2016.02.25"]
[SourceQuality "1"]

1. d4 d5 2. c4 c6 3. Nc3 Nf6 4. cxd5 cxd5 5. Bf4 a6 6. e3 g6 7. h3 Bg7 8. Nf3 0-0 9. Ne5 Ne4 10. Bd3 Nxc3 11. bxc3 Qa5 12. Qb3 Nd7 13. Nf3 b5 14. 0-0 Nb6 15. Bc7 Ra7 16. Bxb6 Qxb6 17. Qxd5 Bb7 18. Qg5 Bxf3 19. gxf3 Rc7 20. Rfc1 Rfc8 21. Be4 Bf6 22. Qd5 Rxc3 23. Rxc3 Rxc3 24. Rb1 Kg7 25. Qd7 Qa5 26. Bd5 Rc7 27. Qe8 e6 28. Bb3 Qd2 29. Rd1 Qe2 30. Qb8 Rc3 31. Rf1 Qxf3 32. d5 exd5 33. Qb7 Bh4 34. Qxd5 Bxf2+ 35. Kh2 Qg3+ 0-1

[Event "BLR-ch (Women) 58th"]
[Site "Minsk"]
[Date "2014.01.16"]
[Round "7"]
[White "Beinenson, Katsiaryna"]
[Black "Kovaleva, Ekaterina"]
[Result "1-0"]
[WhiteElo "1990"]
[BlackElo "2029"]
[PlyCount "81"]
[EventDate "2014.01.10"]
[EventType "tourn"]
[EventRounds "9"]
[EventCountry "BLR"]
[SourceTitle "CBM 158 Extra"]
[Source "ChessBase"]
[SourceDate "2014.02.28"]
[SourceVersion "1"]
[SourceVersionDate "2014.02.28"]
[SourceQuality "1"]

1. e4 e5 2. Nf3 Nc6 3. d4 exd4 4. Bc4 Bc5 5. c3 Nf6 6. e5 d5 7. Bb5 Ne4 8. Nxd4 0-0 9. Bxc6 bxc6 10. 0-0 f6 11. Be3 Bxd4 12. cxd4 Qe8 13. f3 Nd6 14. f4 Ba6 15. Re1 Nc4 16. Bc1 fxe5 17. dxe5 Qg6 18. Nc3 Rad8 19. Qd4 Bc8 20. b3 Nb6 21. Ba3 Rfe8 22. Re3 Bf5 23. Rc1 Nd7 24. Ne2 Be4 25. Ng3 c5 26. Bxc5 Nxc5 27. Qxc5 Qg4 28. Nxe4 dxe4 29. Qc4+ Kh8 30. Qxe4 Rd2 31. h3 Qe6 32. Rxc7 Rxa2 33. f5 Qb6 34. Rb7 Qh6 35. e6 Qg5 36. Kh2 Rf2 37. Rf7 Rf4 38. Qc6 Rg8 39. Rg3 Qh5 40. Rfxg7 Rxg7 41. Qc8+ 1-0

[Event "BLR-ch (Women) 58th"]
[Site "Minsk"]
[Date "2014.01.14"]
[Round "5"]
[White "Bogdan, Ekaterina"]
[Black "Kovaleva, Ekaterina"]
[Result "0-1"]
[WhiteElo "2043"]
[BlackElo "2029"]
[PlyCount "72"]
[EventDate "2014.01.10"]
[EventType "tourn"]
[EventRounds "9"]
[EventCountry "BLR"]
[SourceTitle "CBM 158 Extra"]
[Source "ChessBase"]
[SourceDate "2014.02.28"]
[SourceVersion "1"]
[SourceVersionDate "2014.02.28"]
[SourceQuality "1"]

1. e4 e5 2. Nf3 Nc6 3. Nc3 Nf6 4. d4 exd4 5. Nxd4 Bb4 6. Nxc6 bxc6 7. Bd3 d5 8. exd5 cxd5 9. 0-0 0-0 10. Bg5 c6 11. Qf3 Bd6 12. Bf4 Bg4 13. Qg3 Nh5 14. Qxg4 Nxf4 15. Rad1 Qb8 16. Qd7 Nxd3 17. Rxd3 Bxh2+ 18. Kh1 Qc7 19. Qg4 Be5 20. Ne2 f5 21. Qh5 g6 22. Qg5 Rab8 23. b3 Rbe8 24. Qd2 Qe7 25. Ng1 Bf6 26. Nf3 Qe2 27. Qc1 Qe4 28. Rfd1 Qg4 29. c4 dxc4 30. Rd7 Rd8 31. Rxa7 c3 32. Rdd7 Rxd7 33. Rxd7 f4 34. Rc7 Qe6 35. Qxf4 Bd8 36. Ng5 Qe1+ 0-1